000 00683nam a22002177a 4500
003 URS
005 20250828100515.0
008 250326b ||||| |||| 00| 0 eng d
040 _cURS
050 _aHF5415
_b.L375 2011
100 _911740
_aLaursen, Gert H. N.
245 _aBusiness Analytics for Sales and Marketing Managers
_bHow to Compete in the Information Age
264 _aHoboken, N.Y.
_bJohn Wiley & Sons
_c©2011
336 _2rdacontent
_atext
337 _2rdamedia
_aunmediated
338 _2rdacarrier
_avolume
650 0 _911741
_aConsumers' Preferences
_xResearch
650 0 _911742
_aConsumers
_xResearch
650 0 _93818
_aBusiness planning
942 _2lcc
_cCR
999 _c85065
_d85063